| 000 | 00440nam a2200193Ia 4500 | ||
|---|---|---|---|
| 005 | 20250423094711.0 | ||
| 008 | 250422s9999 xx 000 0 und d | ||
| 020 | _a0-256-08346-0 | ||
| 050 | _aHG 4026 .C279/ | ||
| 100 | _aWilliam E. Fruham, JR | ||
| 245 | 0 | _aCase Problems In Finance | |
| 250 | _aTenth Edition | ||
| 260 | _aBoston | ||
| 260 | _bIRWIN | ||
| 260 | _c1949 | ||
| 300 | _a692 p | ||
| 650 | _aFinancial | ||
| 942 | _cBK | ||
| 999 |
_c28030 _d28030 |
||